"On the road again" - Willie Nelson Complete the Lyrics - Statistics

General Stats
  • This quiz has been taken 18 times
  • The average score is 163 of 200
Answer Stats
% Correct
a
100%
again
100%
o'
100%
On
100%
on
100%
road
100%
the
100%
The
100%
can't
92%
get
92%
my
92%
to
92%
wait
92%
with
92%
down
83%
go
83%
I
83%
just
83%
Just
83%
of
83%
we
83%
friends
75%
highway
75%
love
75%
makin'
75%
making
75%
And
67%
band
67%
best
67%
is
67%
Is
67%
Like
67%
music
67%
that
67%
way
67%
We're
67%
life
58%
gypsies,
50%
our
50%
world
42%
been
33%
Goin'
33%
Insisting
33%
never
33%
turning
33%
I've
25%
keep
25%
may
25%
places
25%
see
25%
things
17%
Seein'
8%
No matching quizzes found
Score Distribution
Percent of People with Each Score
Percentile by Number Answered
Your Score History
You have not taken this quiz